00281nam a2200121Ia 4500003000400000008004100004040001600045082001800061245002800079260003600107300001100143490000500154GCL140319s9999 xx 000 0 ara d aGCL / cGCL04a813.01bس ت10aوتمضى الايام a[S.N] : bزهير بعلبكى a437 ص a